[Event "Maastricht Limburg op-C 8th"]
[Site "Maastricht"]
[Date "2014.06.08"]
[Round "5"]
[White "Van Rossum, Pia"]
[Black "Jedamczik, Kai"]
[Result "1/2-1/2"]
[WhiteElo "1657"]
[BlackElo "1492"]
[PlyCount "49"]
[EventDate "2014.06.06"]
[EventType "swiss"]
[EventRounds "7"]
[EventCountry "NED"]
[SourceTitle "EXT 2015"]
[Source "ChessBase"]
[SourceDate "2014.11.20"]
[SourceVersion "1"]
[SourceVersionDate "2014.11.20"]
[SourceQuality "1"]

1. Nf3 d5 2. d4 g6 3. Bf4 Bg7 4. e3 Nf6 5. Bd3 Nbd7 6. 0-0 c5 7. c3 c4 8. Bc2 0-0 9. Nbd2 b5 10. Ne5 Nxe5 11. Bxe5 Bg4 12. f3 Bd7 13. f4 Qc8 14. Qe1 Bf5 15. e4 dxe4 16. Bxe4 Bxe4 17. Bxf6 Bxg2 18. Bxg7 Bxf1 19. Bxf8 Bd3 20. Bxe7 Qg4+ 21. Qg3 Qe2 22. Qg2 Qe3+ 23. Kh1 Re8 24. Bd6 Be2 25. Qc6 1/2-1/2